000 00965nam a2200265Ia 4500
003 OSt
005 20220930094742.0
006 a|||||r|||| 00| 0
007 ta
008 220926b |||||||| |||| 00| 0 hin d
024 _a10447
037 _cTheses
040 _aCRL
_cCRL
_bhin
041 _2hin
_ahin
100 _aरेखा, ले.
_9159534
110 _aदिल्ली विश्वविद्यालय. ेकला संकाय. हिन्दी विभाग
_9556199
245 0 _aरीतिकालीन काव्य - आलंबन
246 _aRītikālīn kāvya - ālanbana
260 _c2013
300 _a323पृ0
_ap.
_ccm.
650 _aहिन्दी साहित्य
700 _aदिल्ली विश्वविद्यालय. ेकला संकाय. हिन्दी विभाग
_9556200
942 _cDIS
_2CC
999 _c887616
_d887616